[Event "Grand Prix #6 (w)"]
[Site "Jermuk ARM"]
[Date "2012.07.17"]
[Round "1"]
[White "Kovalevskaya, Ekaterina"]
[Black "Kosintseva, Nadezhda"]
[Result "1-0"]
[WhiteElo "2417"]
[BlackElo "2516"]
[EventDate "2012.07.16"]
[PlyCount "105"]

1.c4 e5 2.g3 Nc6 3.Bg2 g6 4.Nc3 Bg7 5.e3 Nge7 6.Nge2 O-O 7.O-O d6 8.d4 
exd4 9.exd4 Nf5 10.d5 Ne5 11.b3 c5 12.dxc6 bxc6 13.Rb1 Rb8 14.Bf4 Qc7 15.
Qd2 Bb7 16.Rbd1 Rbd8 17.Qc1 Rfe8 18.Bg5 f6 19.Bd2 Ne7 20.Nf4 Bc8 21.h3 Nf5
22.Nfe2 Nd3 23.Qb1 Ne5 24.Qc1 Be6 25.Ne4 Qb8 26.Ba5 Rd7 27.Bc3 Qb6 28.Nd4 
Nxd4 29.Bxd4 c5 30.Bb2 Bf5 31.Rfe1 Kf8 32.f4 Bxe4 33.Rxe4 Nf7 34.Rxe8+ 
Kxe8 35.Qa1 Kd8 36.Bxf6+ Bxf6 37.Qxf6+ Kc7 38.Re1 d5 39.Qxb6+ axb6 40.Bxd5
Nd6 41.g4 b5 42.a3 Kb6 43.Kf2 Ka5 44.Kg3 bxc4 45.bxc4 Nb5 46.f5 gxf5 47.
gxf5 Nc3 48.f6 Nxd5 49.cxd5 Rf7 50.Rf1 Kb6 51.a4 c4 52.a5+ Kxa5 53.Kg4 1-0

[Event "Grand Prix #6 (w)"]
[Site "Jermuk ARM"]
[Date "2012.07.17"]
[Round "1"]
[White "Danielian, Elina"]
[Black "Mkrtchian, Lilit"]
[Result "1/2-1/2"]
[WhiteElo "2480"]
[BlackElo "2450"]
[EventDate "2012.07.16"]
[PlyCount "64"]

1.d4 d5 2.c4 e6 3.Nc3 Be7 4.Nf3 Nf6 5.Bg5 h6 6.Bh4 O-O 7.e3 Ne4 8.Bxe7 
Qxe7 9.Rc1 c6 10.Qc2 Nd7 11.a3 Nxc3 12.Qxc3 dxc4 13.Bxc4 b6 14.O-O Bb7 15.
Rfd1 c5 16.Be2 Rac8 17.dxc5 Rxc5 18.Qd2 Rfc8 19.b4 Rxc1 20.Rxc1 Rxc1+ 21.
Qxc1 Nf6 22.Nd4 Qd7 23.Bb5 Qd5 24.Bc6 Bxc6 25.Qxc6 Qa2 26.h3 Qa1+ 27.Kh2 
Qxa3 28.Qc8+ Kh7 29.Qc2+ Kg8 30.Qc8+ Kh7 31.Qc2+ Kg8 32.Qc8+ Kh7 1/2-1/2

[Event "Grand Prix #6 (w)"]
[Site "Jermuk ARM"]
[Date "2012.07.17"]
[Round "1"]
[White "Khurtsidze, Nino"]
[Black "Ju Wenjun"]
[Result "0-1"]
[WhiteElo "2456"]
[BlackElo "2518"]
[EventDate "2012.07.16"]
[PlyCount "130"]

1.Nf3 Nf6 2.c4 g6 3.b4 Bg7 4.Bb2 O-O 5.e3 d6 6.Be2 c5 7.a3 b6 8.O-O Bb7 9.
Nc3 e5 10.d4 e4 11.Nd2 cxd4 12.exd4 Re8 13.Re1 Nc6 14.d5 Nd4 15.Bf1 Nf5 
16.g4 Nh4 17.g5 Nxd5 18.cxd5 Qxg5+ 19.Kh1 Bxc3 20.Bxc3 Bxd5 21.Re3 Nf5 22.
Nf3 Qf4 23.Qxd5 Nxe3 24.fxe3 Qxf3+ 25.Bg2 Qxe3 26.Bd2 Qd3 27.Qxd3 exd3 28.
Bxa8 Rxa8 29.Rc1 Kg7 30.Bc3+ f6 31.Rf1 Rf8 32.Kg2 g5 33.Rf3 Kg6 34.Rxd3 
Rc8 35.Bd2 Rd8 36.Kf3 d5 37.Bc3 h5 38.b5 Rc8 39.Bb4 Rd8 40.Ke3 f5 41.h4 
gxh4 42.Kf4 d4 43.a4 Rd7 44.Ba3 h3 45.Rg3+ Kf7 46.Bb4 d3 47.Bd2 Rd4+ 48.
Kxf5 Rh4 49.Rg1 Rg4 50.Rh1 Rg2 51.Bf4 d2 52.Bxd2 Rxd2 53.Rxh3 Rd5+ 54.Ke4 
Rc5 55.Kd4 Kg6 56.Re3 h4 57.Re6+ Kf5 58.Re7 h3 59.Rh7 Kg4 60.Ke3 Rh5 61.
Rg7+ Rg5 62.Rh7 Kg3 63.Ke2 h2 64.Kf1 Rg4 65.Rh8 Rh4 0-1

[Event "Grand Prix #6 (w)"]
[Site "Jermuk ARM"]
[Date "2012.07.17"]
[Round "1"]
[White "Hou Yifan"]
[Black "Batkhuyag, Munguntuul"]
[Result "1/2-1/2"]
[WhiteElo "2617"]
[BlackElo "2447"]
[EventDate "2012.07.16"]
[PlyCount "69"]

1.e4 e5 2.Nf3 Nc6 3.Bc4 Bc5 4.d3 Nf6 5.Bb3 a6 6.c3 Ba7 7.h3 O-O 8.O-O d5 
9.Nbd2 Re8 10.exd5 Nxd5 11.Ne4 f6 12.Re1 Be6 13.d4 exd4 14.c4 Nb6 15.c5 
Nc4 16.Bf4 Kh8 17.Rc1 N4e5 18.Bxe5 Bxb3 19.Qxb3 Nxe5 20.Nxe5 Rxe5 21.Qxb7 
Qb8 22.Qxb8+ Rxb8 23.f4 Re7 24.Nf2 Rxe1+ 25.Rxe1 Bxc5 26.Nd3 Bb6 27.Kf2 
Kg8 28.Kf3 Kf7 29.g4 Rd8 30.b3 Rd6 31.f5 Rc6 32.Rc1 Rd6 33.Re1 Rc6 34.Rc1 
Rd6 35.Re1 1/2-1/2

[Event "Grand Prix #6 (w)"]
[Site "Jermuk ARM"]
[Date "2012.07.17"]
[Round "1"]
[White "Ruan Lufei"]
[Black "Lahno, Kateryna"]
[Result "1/2-1/2"]
[WhiteElo "2483"]
[BlackElo "2537"]
[EventDate "2012.07.16"]
[PlyCount "33"]

1.e4 c5 2.Nf3 d6 3.d4 cxd4 4.Nxd4 Nf6 5.Nc3 a6 6.Be2 e6 7.O-O Be7 8.f4 O-O
9.Kh1 Nc6 10.Nxc6 bxc6 11.e5 dxe5 12.fxe5 Nd7 13.Bf4 Bg5 14.Bg3 Bh4 15.Bf4
Bg5 16.Bg3 Bh4 17.Bf4 1/2-1/2

[Event "Grand Prix #6 (w)"]
[Site "Jermuk ARM"]
[Date "2012.07.18"]
[Round "2"]
[White "Batkhuyag, Munguntuul"]
[Black "Ruan Lufei"]
[Result "0-1"]
[WhiteElo "2447"]
[BlackElo "2483"]
[EventDate "2012.07.16"]
[PlyCount "128"]

1.e4 e5 2.Nf3 Nc6 3.Bb5 Nd4 4.Nxd4 exd4 5.O-O Bc5 6.Bc4 Qh4 7.d3 Ne7 8.Nd2
O-O 9.Nf3 Qh5 10.Bf4 d6 11.Nd2 Qxd1 12.Raxd1 a5 13.Bg3 a4 14.a3 Bd7 15.f4 
b5 16.Ba2 Be6 17.Bxe6 fxe6 18.Nf3 h6 19.h4 Rab8 20.Ra1 Nc6 21.h5 b4 22.
axb4 Rxb4 23.Rfb1 Rfb8 24.Ra2 a3 25.Rxa3 Rxb2 26.Rxb2 Rxb2 27.Ra8+ Kf7 28.
Nh4 Rb8 29.Rxb8 Nxb8 30.Kf1 Nd7 31.e5 Nb6 32.Ke2 Nd5 33.Kd2 Bb4+ 34.Kc1 
Ba3+ 35.Kd2 Bb4+ 36.Kc1 Ba3+ 37.Kd2 dxe5 38.fxe5 Be7 39.Nf3 Ne3 40.Bh2 
Bb4+ 41.Kc1 c5 42.g3 Ke7 43.Kb2 Kd7 44.g4 Nxg4 45.Bf4 Kc6 46.Nh4 Kd5 47.
Ng6 c4 48.Bg3 Bd2 49.Ne7+ Kc5 50.Nc8 Ba5 51.dxc4 Kxc4 52.Nd6+ Kd5 53.Ne8 
Nxe5 54.Nxg7 Ng4 55.Kc1 e5 56.Bh4 e4 57.Bg3 e3 58.Kd1 Ke4 59.Ke2 Nf6 60.
Bh2 Bb4 61.Bb8 Be7 62.Ne6 Nxh5 63.Nxd4 Kxd4 64.Ba7+ Bc5 0-1

[Event "Grand Prix #6 (w)"]
[Site "Jermuk ARM"]
[Date "2012.07.18"]
[Round "2"]
[White "Ju Wenjun"]
[Black "Danielian, Elina"]
[Result "1-0"]
[WhiteElo "2518"]
[BlackElo "2480"]
[EventDate "2012.07.16"]
[PlyCount "87"]

1.d4 Nf6 2.c4 e6 3.g3 c5 4.d5 exd5 5.cxd5 d6 6.Nf3 g6 7.Nc3 a6 8.a4 Bg7 9.
Bg2 O-O 10.O-O Re8 11.Bf4 b6 12.h3 Ra7 13.Re1 Rae7 14.Qb3 h6 15.Rac1 g5 
16.Bd2 Bf5 17.Nh2 Nbd7 18.Qc4 b5 19.axb5 Ne5 20.Qa4 axb5 21.Nxb5 Rb7 22.
Na3 Rxb2 23.Bc3 Bd7 24.Qd1 Rb8 25.Bxe5 Rxe5 26.Nc4 Re7 27.e4 Ne8 28.Qh5 
Rb4 29.Ng4 Bxg4 30.Qxg4 Bd4 31.h4 Ra7 32.Rc2 Kg7 33.hxg5 hxg5 34.Bf3 Qf6 
35.Kg2 Raa4 36.Rec1 Rb3 37.Rh1 Rbb4 38.Qc8 Kf8 39.e5 Bxe5 40.Nxe5 Qxe5 41.
Re2 Re4 42.Bxe4 Rxe4 43.Rh8+ Kg7 44.Rxe8 1-0

[Event "Grand Prix #6 (w)"]
[Site "Jermuk ARM"]
[Date "2012.07.18"]
[Round "2"]
[White "Zhao Xue"]
[Black "Kosintseva, Nadezhda"]
[Result "0-1"]
[WhiteElo "2556"]
[BlackElo "2516"]
[EventDate "2012.07.16"]
[PlyCount "44"]

1.d4 Nf6 2.c4 e6 3.Nf3 d5 4.Nc3 Bb4 5.cxd5 exd5 6.Bg5 h6 7.Bh4 c5 8.dxc5 
Nbd7 9.e3 Qa5 10.Rc1 Ne4 11.Qxd5 Nxc3 12.bxc3 Bxc3+ 13.Kd1 O-O 14.Bc4 Nxc5
15.Be7 Bb4 16.Bxf8 Be6 17.Qe5 Rxf8 18.Nd4 Bxc4 19.Rxc4 Qxa2 20.Rxb4 Nd3 
21.Qb5 Nxb4 22.Re1 Nc6 0-1

[Event "Grand Prix #6 (w)"]
[Site "Jermuk ARM"]
[Date "2012.07.18"]
[Round "2"]
[White "Lahno, Kateryna"]
[Black "Kovalevskaya, Ekaterina"]
[Result "1-0"]
[WhiteElo "2537"]
[BlackElo "2417"]
[EventDate "2012.07.16"]
[PlyCount "61"]

1.e4 c5 2.Nf3 d6 3.d4 cxd4 4.Nxd4 Nf6 5.Nc3 Nc6 6.Bg5 Bd7 7.Qd2 Rc8 8.f4 
Nxd4 9.Qxd4 Qa5 10.e5 dxe5 11.fxe5 e6 12.O-O-O Bc6 13.Nb5 Bxb5 14.exf6 Bc6
15.h4 g6 16.Bc4 Bc5 17.Qe5 Bb4 18.Qg3 Be4 19.Rd4 Bf5 20.Bh6 b5 21.Bb3 Bc5 
22.Rd2 Bb4 23.Re2 Qc7 24.Qf3 Qc6 25.Bd5 Qc7 26.c3 Qd6 27.Rd1 Bxc3 28.bxc3 
Qa3+ 29.Kd2 Kd8 30.Ke1 Rxc3 31.Bb3+ 1-0

[Event "Grand Prix #6 (w)"]
[Site "Jermuk ARM"]
[Date "2012.07.18"]
[Round "2"]
[White "Mkrtchian, Lilit"]
[Black "Hou Yifan"]
[Result "0-1"]
[WhiteElo "2450"]
[BlackElo "2617"]
[EventDate "2012.07.16"]
[PlyCount "78"]

1.d4 e6 2.c4 Nf6 3.Nc3 Bb4 4.e3 O-O 5.Bd3 d5 6.Nf3 c5 7.O-O Nc6 8.cxd5 
exd5 9.dxc5 Bxc5 10.h3 Qe7 11.b3 Rd8 12.Bb2 Ne4 13.Ne2 Nb4 14.Bb1 Bf5 15.
Ned4 Bg6 16.a3 Nc6 17.b4 Bb6 18.Ba2 a5 19.b5 Nxd4 20.Nxd4 Bc5 21.Bb3 Rac8 
22.Qe2 Bd6 23.Rfc1 Rxc1+ 24.Rxc1 Bxa3 25.Bxa3 Qxa3 26.Rc7 h6 27.Qa2 Qb4 
28.Bxd5 Qe1+ 29.Kh2 Nd2 30.Bxf7+ Kh8 31.Bxg6 Nf1+ 32.Kg1 Nxe3+ 33.Kh2 Nf1+
34.Kg1 Nd2+ 35.Kh2 Qe5+ 36.g3 Qxc7 37.Ne6 Qb6 38.Nxd8 Qxf2+ 39.Kh1 Qf1+ 
0-1

[Event "Grand Prix #6 (w)"]
[Site "Jermuk ARM"]
[Date "2012.07.19"]
[Round "3"]
[White "Khurtsidze, Nino"]
[Black "Zhao Xue"]
[Result "0-1"]
[WhiteElo "2456"]
[BlackElo "2556"]
[EventDate "2012.07.16"]
[PlyCount "84"]

1.d4 Nf6 2.c4 e6 3.Nc3 Bb4 4.e3 O-O 5.Bd3 d5 6.Ne2 dxc4 7.Bxc4 c5 8.a3 
Bxc3+ 9.bxc3 Qc7 10.Ba2 b6 11.O-O Ba6 12.Re1 Nc6 13.Bb2 Na5 14.Qa4 Rac8 
15.Rac1 Bxe2 16.Rxe2 cxd4 17.Qxd4 Rfd8 18.Qa4 Nc4 19.h3 Rd5 20.e4 Nxb2 21.
Rxb2 Qf4 22.Rf1 Rd7 23.Bb1 g6 24.Qb4 Rdc7 25.Rb3 Rc4 26.Qe7 R8c7 27.Qd8+ 
Kg7 28.Qd3 Qxe4 29.Qxe4 Nxe4 30.Bxe4 Rxe4 31.Rd1 Re2 32.Rd3 h5 33.h4 Ra2 
34.g3 Rc5 35.Rf3 e5 36.Re3 Kf6 37.Kg2 Ke6 38.Kf3 Rd5 39.Kg2 Rdd2 40.Rf3 e4
41.Rf4 f5 42.c4 Rab2 0-1

[Event "Grand Prix #6 (w)"]
[Site "Jermuk ARM"]
[Date "2012.07.19"]
[Round "3"]
[White "Danielian, Elina"]
[Black "Humpy, Koneru"]
[Result "1-0"]
[WhiteElo "2480"]
[BlackElo "2598"]
[EventDate "2012.07.16"]
[PlyCount "75"]

1.d4 d5 2.c4 e6 3.Nc3 Bb4 4.Nf3 Nf6 5.cxd5 exd5 6.Bg5 h6 7.Bh4 c5 8.e3 c4 
9.Nd2 Be6 10.Bxf6 Qxf6 11.g3 O-O 12.Bg2 Rd8 13.O-O Nc6 14.a3 Ba5 15.Rc1 
Qe7 16.Qh5 Bxc3 17.bxc3 Qxa3 18.e4 dxe4 19.Nxe4 Qa5 20.Nc5 Bc8 21.Rfe1 Qc7
22.Re3 b6 23.Rce1 bxc5 24.d5 a5 25.dxc6 Be6 26.f4 Rd2 27.Bf3 Qd6 28.f5 Bd5
29.c7 Rf8 30.f6 Bxf3 31.Qxf3 Qxc7 32.fxg7 Kxg7 33.Re4 Rd6 34.Re7 Qc6 35.
Qg4+ Kh8 36.Qf4 Rf6 37.Qxc4 a4 38.Ra7 1-0

[Event "Grand Prix #6 (w)"]
[Site "Jermuk ARM"]
[Date "2012.07.19"]
[Round "3"]
[White "Kosintseva, Nadezhda"]
[Black "Lahno, Kateryna"]
[Result "1/2-1/2"]
[WhiteElo "2516"]
[BlackElo "2537"]
[EventDate "2012.07.16"]
[PlyCount "87"]

1.e4 c5 2.c3 d5 3.exd5 Qxd5 4.d4 Nf6 5.Be3 Bg4 6.f3 cxd4 7.cxd4 Bd7 8.Nc3 
Qa5 9.Bd3 Nc6 10.Ne2 e5 11.O-O exd4 12.Nxd4 Bc5 13.Qe2 O-O 14.Nb3 Bxe3+ 
15.Qxe3 Qb4 16.Rad1 Rfe8 17.Qf2 Ne5 18.Bb1 b6 19.Rfe1 Rad8 20.Ne4 Nxe4 21.
Rxe4 Qf8 22.Red4 Qe7 23.Qh4 Qxh4 24.Rxh4 g6 25.Rhd4 Nc6 26.Rd6 Be6 27.Rxd8
Rxd8 28.Rxd8+ Nxd8 29.Nd4 Bd7 30.Kf2 Kf8 31.Ke3 Ke7 32.Bd3 a5 33.h4 h6 34.
Be4 Kd6 35.g4 Ne6 36.Bd3 Nxd4 37.Kxd4 g5 38.hxg5 hxg5 39.Be4 f6 40.a3 Be6 
41.Bd3 Bd5 42.Be4 Be6 43.Bd3 Bd5 44.Be4 1/2-1/2

[Event "Grand Prix #6 (w)"]
[Site "Jermuk ARM"]
[Date "2012.07.19"]
[Round "3"]
[White "Kovalevskaya, Ekaterina"]
[Black "Batkhuyag, Munguntuul"]
[Result "1-0"]
[WhiteElo "2417"]
[BlackElo "2447"]
[EventDate "2012.07.16"]
[PlyCount "43"]

1.c4 c5 2.Nf3 Nc6 3.d4 cxd4 4.Nxd4 Nf6 5.Nc3 e6 6.a3 Be7 7.g3 O-O 8.Bg2 d5
9.cxd5 Nxd5 10.Nxd5 exd5 11.O-O Bf6 12.Be3 Re8 13.Rc1 Nxd4 14.Bxd4 Bxd4 
15.Qxd4 Rxe2 16.Rfd1 Bf5 17.Bxd5 Qd7 18.Qf4 Bc2 19.Rd4 Qe7 20.Rc4 Rd8 21.
Rc7 Qf6 22.R1xc2 1-0

[Event "Grand Prix #6 (w)"]
[Site "Jermuk ARM"]
[Date "2012.07.20"]
[Round "4"]
[White "Mkrtchian, Lilit"]
[Black "Kovalevskaya, Ekaterina"]
[Result "1-0"]
[WhiteElo "2450"]
[BlackElo "2417"]
[EventDate "2012.07.16"]
[PlyCount "83"]

1.c4 c5 2.Nf3 Nf6 3.Nc3 Nc6 4.e3 e6 5.d4 d5 6.a3 a6 7.dxc5 Bxc5 8.b4 Bd6 
9.Bb2 O-O 10.Qc2 a5 11.b5 Ne5 12.Nxe5 Bxe5 13.c5 Qe7 14.Na4 Bxb2 15.Qxb2 
e5 16.Be2 Bf5 17.O-O Rac8 18.Rac1 h5 19.Qd2 h4 20.Qxa5 h3 21.Qb4 hxg2 22.
Rfd1 Ne4 23.Bd3 Qe6 24.Bxe4 Bxe4 25.c6 bxc6 26.Nc5 Qg4 27.b6 f5 28.b7 Rb8 
29.Nd7 f4 30.Nxf8 fxe3 31.fxe3 Qf3 32.Re1 Qf7 33.Rxc6 Rxb7 34.Rc8 Rxb4 35.
Ne6+ Kh7 36.Ng5+ Kg6 37.Nxf7 Ra4 38.Nxe5+ Kf5 39.Nc6 Rxa3 40.Nd4+ Kg4 41.
Rf8 g5 42.Nc6 1-0

[Event "Grand Prix #6 (w)"]
[Site "Jermuk ARM"]
[Date "2012.07.20"]
[Round "4"]
[White "Zhao Xue"]
[Black "Lahno, Kateryna"]
[Result "1-0"]
[WhiteElo "2556"]
[BlackElo "2537"]
[EventDate "2012.07.16"]
[PlyCount "117"]

1.d4 Nf6 2.c4 g6 3.f3 d5 4.cxd5 Nxd5 5.e4 Nb6 6.Nc3 Bg7 7.Be3 O-O 8.Qd2 
Nc6 9.O-O-O Qd6 10.Kb1 Rd8 11.Nb5 Qd7 12.d5 a6 13.Nc3 Ne5 14.Qe1 Qe8 15.
Be2 e6 16.Bxb6 cxb6 17.f4 exd5 18.Nxd5 Ng4 19.Bf3 Be6 20.Ne2 Bxd5 21.exd5 
Ne3 22.Rd3 Nc4 23.Nd4 Qa4 24.Qc3 Rac8 25.Qb3 Qd7 26.a4 Qd6 27.g3 Na5 28.
Qa3 Qxa3 29.bxa3 Nc4 30.Rhd1 Bxd4 31.Rxd4 Nxa3+ 32.Ka2 Rd6 33.Bg4 Rc3 34.
Kb2 Re3 35.Ra1 h5 36.Bd1 Nc4+ 37.Rxc4 Rxd5 38.Rac1 b5 39.Rc8+ Kg7 40.a5 
Rd2+ 41.R8c2 Rd6 42.Re2 Rxe2+ 43.Bxe2 b6 44.Bxb5 bxa5 45.Bc4 h4 46.Kc3 
hxg3 47.hxg3 f5 48.Ra1 Kh6 49.Bd3 Rd5 50.Bxa6 Rc5+ 51.Bc4 Rc7 52.Rxa5 Kh5 
53.Kd4 Kg4 54.Ra3 Re7 55.Re3 Rd7+ 56.Ke5 Re7+ 57.Be6 Rh7 58.Kf6 Kh5 59.Bf7
1-0

[Event "Grand Prix #6 (w)"]
[Site "Jermuk ARM"]
[Date "2012.07.20"]
[Round "4"]
[White "Ju Wenjun"]
[Black "Ruan Lufei"]
[Result "1-0"]
[WhiteElo "2518"]
[BlackElo "2483"]
[EventDate "2012.07.16"]
[PlyCount "87"]

1.d4 d5 2.c4 c6 3.Nf3 Nf6 4.Nc3 dxc4 5.a4 Bf5 6.Nh4 e6 7.Nxf5 exf5 8.e3 
Bb4 9.Bxc4 O-O 10.O-O Nbd7 11.Qc2 g6 12.f3 Rc8 13.Kh1 Nb6 14.Bb3 c5 15.
dxc5 Rxc5 16.e4 Bxc3 17.bxc3 Qc7 18.a5 Nc4 19.Bxc4 Rxc4 20.exf5 Nh5 21.Qf2
Rd8 22.Bh6 Ng7 23.Bg5 Rd6 24.fxg6 Rxg6 25.Bd2 a6 26.Rfe1 Ne6 27.h3 Rf6 28.
Qg1 Rf5 29.Qh2 Qxh2+ 30.Kxh2 Rd5 31.Re2 h5 32.Be1 Rb5 33.g4 hxg4 34.fxg4 
Kg7 35.Rea2 Nc5 36.Rd1 Nb3 37.Rd7 Re4 38.c4 Rc5 39.Bc3+ Kg6 40.Rf2 Re6 41.
Rfxf7 Rxc4 42.Rg7+ Kh6 43.Rg8 Rg6 44.Rh7+ 1-0

[Event "Grand Prix #6 (w)"]
[Site "Jermuk ARM"]
[Date "2012.07.20"]
[Round "4"]
[White "Humpy, Koneru"]
[Black "Hou Yifan"]
[Result "1/2-1/2"]
[WhiteElo "2598"]
[BlackElo "2617"]
[EventDate "2012.07.16"]
[PlyCount "74"]

1.d4 Nf6 2.c4 e6 3.Nf3 d5 4.Nc3 Bb4 5.Bg5 Nbd7 6.e3 c5 7.cxd5 exd5 8.Be2 
Qa5 9.O-O Bxc3 10.bxc3 c4 11.Qc2 Ne4 12.Rfc1 Nxg5 13.Nxg5 h6 14.Nf3 O-O 
15.Nd2 Nb6 16.f3 Bd7 17.e4 Rae8 18.Rab1 Qa3 19.Rb4 Re7 20.Re1 Ba4 21.Qb2 
Qxb2 22.Rxb2 Bc6 23.Bd1 dxe4 24.fxe4 Nd5 25.Rc2 f5 26.Be2 Ne3 27.Bxc4+ 
Nxc4 28.Nxc4 Bxe4 29.Nd6 Rf6 30.Nxe4 fxe4 31.Rce2 Rc6 32.Rxe4 Rxe4 33.Rxe4
Rxc3 34.Re7 Ra3 35.Rxb7 Rxa2 36.d5 Rd2 37.Rxa7 Rxd5 1/2-1/2

[Event "Grand Prix #6 (w)"]
[Site "Jermuk ARM"]
[Date "2012.07.20"]
[Round "4"]
[White "Khurtsidze, Nino"]
[Black "Danielian, Elina"]
[Result "1/2-1/2"]
[WhiteElo "2456"]
[BlackElo "2480"]
[EventDate "2012.07.16"]
[PlyCount "119"]

1.Nf3 c5 2.e3 Nf6 3.d4 g6 4.dxc5 Qa5+ 5.Nbd2 Qxc5 6.a3 Bg7 7.b4 Qc7 8.Bb2 
O-O 9.c4 d6 10.Be2 b6 11.O-O Bb7 12.Nb3 Nbd7 13.Nfd4 Rac8 14.a4 Qb8 15.a5 
d5 16.cxd5 Bxd5 17.axb6 axb6 18.Nd2 Ne5 19.h3 Nc6 20.Nxc6 Bxc6 21.Nf3 Rfd8
22.Qb3 Bd5 23.Qa3 Rc2 24.Be5 Qc8 25.Nd4 Rc3 26.Qb2 Bb7 27.Ra7 Rxd4 28.exd4
Rc2 29.Qb1 Be4 30.Qd1 Nd5 31.Bd3 Bxd3 32.Qxd3 Rc3 33.Qb5 e6 34.Qa4 Bxe5 
35.dxe5 Kg7 36.Ra8 Qc6 37.b5 Qc4 38.Ra1 Qe2 39.Qh4 Rc2 40.Rf1 Qxe5 41.Qd8 
Kh6 42.Ra7 Kg7 43.Ra8 Kh6 44.Qf8+ Qg7 45.Qd6 Qf6 46.Rg8 Ne7 47.Rb8 Nd5 48.
Qf8+ Qg7 49.Qxg7+ Kxg7 50.Rb7 Ra2 51.Rb1 g5 52.Rb3 Kg6 53.Rf3 f6 54.Rd3 h5
55.Rxd5 exd5 56.Rxb6 Ra1+ 57.Kh2 d4 58.Rd6 Rb1 59.Rxd4 Rxb5 60.g3 1/2-1/2

[Event "Grand Prix #6 (w)"]
[Site "Jermuk ARM"]
[Date "2012.07.20"]
[Round "4"]
[White "Batkhuyag, Munguntuul"]
[Black "Kosintseva, Nadezhda"]
[Result "1/2-1/2"]
[WhiteElo "2447"]
[BlackElo "2516"]
[EventDate "2012.07.16"]
[PlyCount "92"]

1.e4 e5 2.Nf3 Nc6 3.Bb5 a6 4.Ba4 Nf6 5.Qe2 Bd6 6.c3 O-O 7.O-O Re8 8.d3 Bf8
9.Rd1 h6 10.Nbd2 b5 11.Bb3 d5 12.h3 Na5 13.Bc2 c5 14.Nf1 d4 15.cxd4 exd4 
16.Ng3 Nc6 17.Bb3 Bd6 18.Nh4 Bxg3 19.fxg3 Ne5 20.Nf3 Be6 21.Bxe6 Rxe6 22.
Nxe5 Rxe5 23.Qf2 Rc8 24.b3 Re6 25.Bb2 b4 26.Rf1 Qe7 27.Rac1 Re8 28.a3 a5 
29.a4 Nd7 30.Rcd1 Ne5 31.Bc1 Rc8 32.Qc2 Nd7 33.Rf5 Ne5 34.Rdf1 Rcc6 35.Bf4
g6 36.Rxe5 Rxe5 37.Bxe5 Qxe5 38.Qc4 Qc7 39.Qd5 Re6 40.Rc1 Qxg3 41.Rxc5 
Qe3+ 42.Kh2 Qf4+ 43.Kg1 Qe3+ 44.Kh2 Qf4+ 45.Kg1 Qe3+ 46.Kh2 Qf4+ 1/2-1/2

[Event "Grand Prix #6 (w)"]
[Site "Jermuk ARM"]
[Date "2012.07.21"]
[Round "5"]
[White "Hou Yifan"]
[Black "Khurtsidze, Nino"]
[Result "1-0"]
[WhiteElo "2617"]
[BlackElo "2456"]
[EventDate "2012.07.16"]
[PlyCount "73"]

1.e4 c5 2.Nf3 e6 3.d4 cxd4 4.Nxd4 a6 5.Be2 Nf6 6.Nc3 d6 7.O-O Be7 8.f4 Qc7
9.Kh1 Nc6 10.Be3 O-O 11.Qe1 Bd7 12.Qg3 d5 13.e5 Ne4 14.Nxe4 dxe4 15.Nxc6 
Bxc6 16.f5 Kh8 17.Bg4 exf5 18.Bxf5 Rad8 19.Rae1 Bd5 20.c3 Bxa2 21.Bd4 Be6 
22.Bxe4 b5 23.Qe3 Rd7 24.h3 b4 25.Ra1 bxc3 26.bxc3 a5 27.Bb6 Qxe5 28.Rxa5 
Qd6 29.Bd4 f6 30.Rh5 Bg8 31.Bf5 Rc7 32.Qe4 h6 33.Be3 Bf7 34.Qh4 Bxh5 35.
Qxh5 Kg8 36.Bxh6 Rc5 37.Qg6 1-0

[Event "Grand Prix #6 (w)"]
[Site "Jermuk ARM"]
[Date "2012.07.21"]
[Round "5"]
[White "Kovalevskaya, Ekaterina"]
[Black "Ju Wenjun"]
[Result "1/2-1/2"]
[WhiteElo "2417"]
[BlackElo "2518"]
[EventDate "2012.07.16"]
[PlyCount "94"]

1.Nf3 Nf6 2.g3 g6 3.Bg2 Bg7 4.O-O O-O 5.d4 d5 6.c4 c6 7.cxd5 cxd5 8.Nc3 
Ne4 9.Ne5 Bf5 10.Bf4 Nc6 11.Nxc6 bxc6 12.Na4 h6 13.Rc1 g5 14.Be3 Rc8 15.b3
Re8 16.f3 Nd6 17.Qd2 Bg6 18.Rfd1 e6 19.Nc5 Qe7 20.Bf2 e5 21.dxe5 Bxe5 22.
e4 dxe4 23.f4 gxf4 24.gxf4 e3 25.Qxe3 Bb2 26.Qxe7 Rxe7 27.Re1 Rxe1+ 28.
Rxe1 Nb5 29.Re7 a5 30.Bh3 Rd8 31.Rd7 Rxd7 32.Bxd7 Bb1 33.a4 Nd4 34.Kg2 Ba2
35.Kg3 Nxb3 36.Nxb3 Bxb3 37.Bxc6 Bc3 38.Kf3 Kg7 39.Bh4 Bc2 40.Be7 Bd2 41.
Bd6 f6 42.Ke2 Bc3 43.Be8 Be4 44.Ke3 Bc2 45.Ke2 Be4 46.Ke3 Bc2 47.Ke2 Be4 
1/2-1/2

[Event "Grand Prix #6 (w)"]
[Site "Jermuk ARM"]
[Date "2012.07.21"]
[Round "5"]
[White "Kosintseva, Nadezhda"]
[Black "Mkrtchian, Lilit"]
[Result "0-1"]
[WhiteElo "2516"]
[BlackElo "2450"]
[EventDate "2012.07.16"]
[PlyCount "88"]

1.e4 e6 2.d4 d5 3.Nc3 Bb4 4.e5 c5 5.a3 Ba5 6.b4 cxd4 7.Nb5 Bc7 8.f4 Bd7 9.
Nxc7+ Qxc7 10.Bd3 Ne7 11.Nf3 Ba4 12.Bb2 Nbc6 13.O-O Qb6 14.Kh1 Bb5 15.Bxd4
Nxd4 16.Nxd4 Bxd3 17.Qxd3 Rc8 18.Nb5 O-O 19.Nd6 Rc7 20.Rad1 a6 21.Rf3 Qc6 
22.c3 Nc8 23.Rh3 h6 24.b5 Qb6 25.bxa6 bxa6 26.Qg3 Nxd6 27.exd6 Qxd6 28.
Rxh6 Rfc8 29.Rh5 g6 30.Rh6 Qe7 31.Qd3 Qf6 32.Qxa6 Qxf4 33.Rh3 Rxc3 34.Rhd3
Rc1 35.h3 Qe4 36.Qb5 R8c2 37.Qb8+ Kg7 38.Qg3 Rc3 39.Kh2 Rxa3 40.Rxa3 Rxd1 
41.Re3 Qd4 42.Qf3 Qa1 43.Qf4 Qf6 44.Qc7 Rf1 0-1

[Event "Grand Prix #6 (w)"]
[Site "Jermuk ARM"]
[Date "2012.07.21"]
[Round "5"]
[White "Ruan Lufei"]
[Black "Humpy, Koneru"]
[Result "1/2-1/2"]
[WhiteElo "2483"]
[BlackElo "2598"]
[EventDate "2012.07.16"]
[PlyCount "77"]

1.e4 g6 2.d4 Bg7 3.Nc3 c6 4.Nf3 d6 5.h3 Nf6 6.Be3 O-O 7.Bd3 Nbd7 8.O-O e5 
9.a4 exd4 10.Bxd4 b6 11.Re1 Bb7 12.Qd2 a6 13.Rad1 Qc7 14.Bc4 Rad8 15.b4 b5
16.axb5 axb5 17.Ba2 h6 18.Be3 Ne5 19.Nxe5 dxe5 20.Qc1 Kh7 21.Bc5 Rfe8 22.
Qe3 Rxd1 23.Rxd1 Bc8 24.Ne2 Be6 25.Bxe6 Rxe6 26.Ra1 Qd8 27.Qd3 Qe8 28.Nc1 
Bf8 29.Nb3 Kg7 30.Ra7 Qb8 31.Ra6 Bxc5 32.Nxc5 Rd6 33.Qb3 Rd4 34.f3 Qd6 35.
Ra7 Rc4 36.Qd3 Rd4 37.Qb3 Rc4 38.Qd3 Rd4 39.Qb3 1/2-1/2

[Event "Grand Prix #6 (w)"]
[Site "Jermuk ARM"]
[Date "2012.07.21"]
[Round "5"]
[White "Danielian, Elina"]
[Black "Zhao Xue"]
[Result "1/2-1/2"]
[WhiteElo "2480"]
[BlackElo "2556"]
[EventDate "2012.07.16"]
[PlyCount "120"]

1.d4 Nf6 2.c4 e6 3.Nc3 Bb4 4.Qc2 c5 5.dxc5 Qc7 6.Nf3 a6 7.e3 Bxc5 8.b3 Be7
9.Bb2 d6 10.Be2 b6 11.g4 h6 12.Rg1 Bb7 13.h4 Nfd7 14.g5 hxg5 15.Nxg5 Nf8 
16.h5 Nbd7 17.O-O-O Rh6 18.Kb1 Nf6 19.Nce4 b5 20.Qd3 bxc4 21.Nxd6+ Bxd6 
22.Qxd6 Qxd6 23.Rxd6 cxb3 24.axb3 Nxh5 25.Rc1 Rc8 26.Rxc8+ Bxc8 27.Bxa6 
Bxa6 28.Rxa6 Nd7 29.Ba3 Ne5 30.f4 Rg6 31.Ra7 Ng3 32.Bd6 Nc6 33.Ra6 e5 34.
Bc5 exf4 35.exf4 Ne2 36.Ra8+ Kd7 37.Be3 f6 38.Ne4 Ng3 39.Nc5+ Kd6 40.Ra2 
Nf5 41.Rd2+ Ke7 42.Bf2 Rg4 43.Nd3 Ke6 44.Kb2 g5 45.Rc2 Nfe7 46.fxg5 fxg5 
47.Ka3 Nd4 48.Rc5 Kd6 49.b4 Ne6 50.Rc1 Nd4 51.Ka4 Nd5 52.Ka3 Nb5+ 53.Kb3 
Nd4+ 54.Kb2 Re4 55.Bg3+ Ke7 56.Re1 Rxe1 57.Bxe1 g4 58.Ne5 Nf3 59.Nxf3 gxf3
60.Kc2 Nxb4+ 1/2-1/2

[Event "Grand Prix #6 (w)"]
[Site "Jermuk ARM"]
[Date "2012.07.21"]
[Round "5"]
[White "Lahno, Kateryna"]
[Black "Batkhuyag, Munguntuul"]
[Result "1/2-1/2"]
[WhiteElo "2537"]
[BlackElo "2447"]
[EventDate "2012.07.16"]
[PlyCount "75"]

1.Nf3 Nf6 2.d4 d5 3.c4 c6 4.Qb3 dxc4 5.Qxc4 Bf5 6.g3 e6 7.Bg2 Nbd7 8.Nc3 
Be7 9.O-O O-O 10.Re1 Bg6 11.h3 Rc8 12.Qb3 Qb6 13.Qxb6 axb6 14.Nh4 Bh5 15.
g4 Nd5 16.Nf5 exf5 17.Nxd5 cxd5 18.gxh5 Bb4 19.Rd1 Nf6 20.Rd3 Rc4 21.Bf4 
Ne4 22.Rb3 Rd8 23.Rd1 Bd6 24.Be5 f6 25.Bxd6 Rxd6 26.f3 Ng3 27.e3 Nxh5 28.
f4 Ng3 29.Rxb6 Rxb6 30.Bxd5+ Kf8 31.Bxc4 Rxb2 32.d5 b5 33.d6 bxc4 34.d7 
Ne2+ 35.Kh1 Ng3+ 36.Kg1 Ne2+ 37.Kh1 Ng3+ 38.Kg1 1/2-1/2

[Event "Grand Prix #6 (w)"]
[Site "Jermuk ARM"]
[Date "2012.07.22"]
[Round "6"]
[White "Ju Wenjun"]
[Black "Kosintseva, Nadezhda"]
[Result "1/2-1/2"]
[WhiteElo "2518"]
[BlackElo "2516"]
[EventDate "2012.07.16"]
[PlyCount "40"]

1.d4 Nf6 2.c4 e6 3.g3 d5 4.Bg2 dxc4 5.Nf3 a6 6.Ne5 c5 7.Be3 Nd5 8.dxc5 Nd7
9.Nxc4 Nxe3 10.Nxe3 Bxc5 11.O-O Bxe3 12.fxe3 O-O 13.Nc3 Qg5 14.Qd4 Nf6 15.
Qf4 Qc5 16.Qd4 Qg5 17.Qf4 Qc5 18.Qd4 Qg5 19.Qf4 Qc5 20.Qd4 Qg5 1/2-1/2

[Event "Grand Prix #6 (w)"]
[Site "Jermuk ARM"]
[Date "2012.07.22"]
[Round "6"]
[White "Humpy, Koneru"]
[Black "Kovalevskaya, Ekaterina"]
[Result "1-0"]
[WhiteElo "2598"]
[BlackElo "2417"]
[EventDate "2012.07.16"]
[PlyCount "85"]

1.d4 d5 2.c4 e6 3.Nc3 c5 4.cxd5 exd5 5.Nf3 Nc6 6.g3 Nf6 7.Bg2 Be7 8.O-O 
O-O 9.Bg5 c4 10.Ne5 Be6 11.f4 Ng4 12.Nxg4 Bxg4 13.Bxd5 Bxg5 14.fxg5 Qxg5 
15.Rf4 Be6 16.Be4 f5 17.Bg2 Ne7 18.d5 Rad8 19.Qa4 Bd7 20.Qxc4 Ng6 21.Rf2 
f4 22.Ne4 Qh6 23.Qd4 Bh3 24.d6 Bxg2 25.Kxg2 Rf5 26.Raf1 Kh8 27.Kg1 fxg3 
28.Nxg3 Rxf2 29.Rxf2 Qg5 30.e3 h6 31.Rf5 Qh4 32.Qxh4 Nxh4 33.Rd5 Kg8 34.e4
Kf7 35.Ne2 Nf3+ 36.Kg2 Ng5 37.e5 Ne6 38.Kf3 Rc8 39.Nf4 Nxf4 40.Kxf4 Ke6 
41.d7 Rd8 42.Rd6+ Ke7 43.Kf5 1-0